000 00844nmm a2200241 a 4500
001 ocm0001221720
003 TR-IsHL
005 20201028154621.0
008 131212s1997 tu tur
007 cr cn
035 _a1221720
_b(N$T)
050 0 4 _aKKX3406
_b.S67 1997
090 0 4 _aKKX3406
_b.S67 1997
245 1 0 _aSorularla dış ticaret mevzuatı rehberi
_h[electronic resource]
260 _aİstanbul :
_bİstanbul Ticaret Odası,
_c1997
300 _a86 p.
650 4 _aEkonomi ve Finans
650 4 _aEconomics and Finance
650 0 _aDış ticaret yönetmeliği
_x Türkiye
650 0 _aForeign trade regulation
_x Turkey
650 7 _aPOLITICAL SCIENCE / International Relations / Trade & Tariffs
_2bisacsh
856 4 0 _uhttp://search.ebscohost.com/login.aspx?direct=true&scope=site&db=e011xww&AN=1221720
999 _c12669
_d12669